Things that rhyme with Grug - Statistics

General Stats
  • This quiz has been taken 108 times
  • The average score is 14 of 17
Answer Stats
Definition Rhymes with Grug % Correct
Another word for insect. Bug
99%
A type of cup with a handle.|Robbing someone. Mug
98%
Grasping someone in your arms to profess love and care. Hug
95%
A small piece of fabric that people usually put in front of their door. Rug
94%
To move your shoulders in a way to express something you don't know. Shrug
94%
A slimy, shell-less creature related to snails. Slug
90%
The pull on something hard or suddenly. Tug
90%
Having an excessively proud face. Smug
88%
An aggressive person who is typical a criminal. Thug
87%
A type of medicine or substance that can greatly affect the human body. Drug
83%
Consuming a drink without stopping. Chug
82%
A large container that contains a liquid or drink. Jug
77%
To be comfortable in a great position. Snug
73%
To fix an error in a computer or any device. Debug
69%
A beetle from the order Coleoptera, usually red or orange in color and has spots. Ladybug
67%
An object that perfectly fits in a hole or set of holes. Plug
54%
A way of saying that something is false or unbelievable. Humbug
11%
No matching quizzes found
Score Distribution
Percent of People with Each Score
Percentile by Number Answered
Your Score History
You have not taken this quiz